Steven Runciman The Great Church in captivity : a study of the Patriarchate of Constantinople from the eve of the Turkish conquest to the Greek War of Independence. Cambridge U.P., 1968 : Buchbesprechung /

Elmentve itt :
Bibliográfiai részletek
Szerző: Spuler Bertold
További közreműködők: Runciman Steven
Dokumentumtípus: Cikk
Megjelent: [De Gruyter] [Berlin] 1970
Sorozat:Der Islam : Zeitschrift für Geschichte und Kultur des islamischen Orients
Kulcsszavak:Hadtörténet - török - 15. sz. - könyvismertetés
Tárgyszavak:
Online Access:http://misc.bibl.u-szeged.hu/64852
LEADER 01046nab a2200241 i 4500
001 misc64852
005 20230511105916.0
008 230324s1970 hu o 0|| ger d
040 |a SZTE Miscellanea Repozitórium  |b hun 
041 |a ger 
100 1 |a Spuler Bertold 
245 1 0 |a Steven Runciman  |h [elektronikus dokumentum] :  |b The Great Church in captivity : a study of the Patriarchate of Constantinople from the eve of the Turkish conquest to the Greek War of Independence. Cambridge U.P., 1968 : Buchbesprechung /  |c  Spuler Bertold 
260 |a [De Gruyter]  |b [Berlin]  |c 1970 
300 |a 194-195  |c 24 cm 
300 |a [2] p.  |c 24 cm 
490 0 |a Der Islam : Zeitschrift für Geschichte und Kultur des islamischen Orients 
561 |a Németh Gyula hagyaték 
591 |a NOA 5741 
650 4 |a Bölcsészettudományok 
650 4 |a Történettudomány és régészet 
695 |a Hadtörténet - török - 15. sz. - könyvismertetés 
700 0 1 |a Runciman Steven 
856 4 0 |u http://misc.bibl.u-szeged.hu/64852/1/5741_noa.pdf  |z Dokumentum-elérés